Analysis of the models in forecastig kinematic scheme education nitrogen oxides in the solid fuel; 11th International Forum on Strategic Technology (IFOST 2016); Pt. 2

Detalles Bibliográficos
Parent link:11th International Forum on Strategic Technology (IFOST 2016): 1-3 June 2016, Novosibirsk, Russiain/ Novosibirsk State Technical University.— , 2016
Pt. 2.— 2016.— [P. 561-563]
Autor Corporativo: Национальный исследовательский Томский политехнический университет (ТПУ) Энергетический институт (ЭНИН) Кафедра парогенераторостроения и парогенераторных установок (ПГС и ПГУ)
Otros Autores: Korzilova I. E., Vizgavlyust N. V. Nataliya Viktorovna, Buvakov K. V. Konstantin Vladimirovich, Taylasheva T. S. Tatiana Sergeevna, Starchenko A. V. Aleksandr Vasiljevich
Sumario:Title screen
Skill testing different kinematic schemes of nitrogen oxide, used in the numerical simulation of the combustion environment in relation to the burning of coal dust on the basis of one-dimensional and three-dimensional mathematical model of aerodynamics, combustion and heat transfer.
Режим доступа: по договору с организацией-держателем ресурса
Lenguaje:inglés
Publicado: 2016
Colección:Applied engineering
Materias:
Acceso en línea:http://dx.doi.org/10.1109/IFOST.2016.7884321
Formato: Electrónico Capítulo de libro
KOHA link:https://koha.lib.tpu.ru/cgi-bin/koha/opac-detail.pl?biblionumber=654603

MARC

LEADER 00000nla2a2200000 4500
001 654603
005 20250212105340.0
035 |a (RuTPU)RU\TPU\network\20239 
035 |a RU\TPU\network\20238 
090 |a 654603 
100 |a 20170505a2016 k y0rusy50 ba 
101 0 |a eng 
102 |a RU 
105 |a a z 101zy 
135 |a drcn ---uucaa 
181 0 |a i  
182 0 |a b 
200 1 |a Analysis of the models in forecastig kinematic scheme education nitrogen oxides in the solid fuel  |f I. E. Korzilova [et al.] 
203 |a Text  |c electronic 
225 1 |a Applied engineering 
300 |a Title screen 
320 |a [References: p. 563 (6 tit.)] 
330 |a Skill testing different kinematic schemes of nitrogen oxide, used in the numerical simulation of the combustion environment in relation to the burning of coal dust on the basis of one-dimensional and three-dimensional mathematical model of aerodynamics, combustion and heat transfer. 
333 |a Режим доступа: по договору с организацией-держателем ресурса 
461 1 |0 (RuTPU)RU\TPU\network\20157  |t 11th International Forum on Strategic Technology (IFOST 2016)  |o 1-3 June 2016, Novosibirsk, Russiain  |o in 2 pt.  |o [proceedings]  |f Novosibirsk State Technical University  |d 2016 
463 0 |0 (RuTPU)RU\TPU\network\20159  |t Pt. 2  |v [P. 561-563]  |d 2016 
610 1 |a электронный ресурс 
610 1 |a труды учёных ТПУ 
610 1 |a steam boiler 
610 1 |a mathematical modeling 
610 1 |a kinetic scheme 
610 1 |a nitrogen oxide 
610 1 |a тепловые котлы 
610 1 |a математическое моделирование 
610 1 |a оксид азота 
610 1 |a кинематические схемы 
610 1 |a твердые топлива 
701 1 |a Korzilova  |b I. E. 
701 1 |a Vizgavlyust  |b N. V.  |g Nataliya Viktorovna  |f 1977-  |c specialist in the field of power engineering  |c Associate Professor of Tomsk Polytechnic University, Candidate of technical sciences  |y Tomsk  |3 (RuTPU)RU\TPU\pers\35116  |9 18391 
701 1 |a Buvakov  |b K. V.  |c specialist in the field of thermal engineering  |c Associate Professor of Tomsk Polytechnic University, Candidate of technical sciences  |f 1977-  |g Konstantin Vladimirovich  |3 (RuTPU)RU\TPU\pers\34181  |9 17715 
701 1 |a Taylasheva  |b T. S.  |c specialist in the field of thermal engineering  |c Associate Professor of Tomsk Polytechnic University, candidate of technical sciences  |f 1975-  |g Tatiana Sergeevna  |3 (RuTPU)RU\TPU\pers\37175  |9 20153 
701 1 |a Starchenko  |b A. V.  |c специалист в области теплоэнергетики  |c профессор Томского политехнического университета  |f 1958-  |g Aleksandr Vasiljevich  |3 (RuTPU)RU\TPU\pers\30711 
712 0 2 |a Национальный исследовательский Томский политехнический университет (ТПУ)  |b Энергетический институт (ЭНИН)  |b Кафедра парогенераторостроения и парогенераторных установок (ПГС и ПГУ)  |3 (RuTPU)RU\TPU\col\18681 
801 2 |a RU  |b 63413507  |c 20191210  |g RCR 
856 4 |u http://dx.doi.org/10.1109/IFOST.2016.7884321 
942 |c CF